000 01543cam a22004217a 4500
001 000003575
003 CHAP
005 20220817040949.0
008 971013s1989 mx r 00010 spa d
010 _a3526
011 _a4498
020 _a9688840769
035 _a3702
040 _cCHAP
082 0 4 _a301.4440727
_bD8
100 0 0 _aDurand Alcántara, Carlos Humberto.
_934540
245 1 3 _aLa lucha campesina en Oaxaca y Guerrero (1978-1987) /
_c/por Carlos Durand Alcántara.
260 _aChapingo, Méx. :
_bUACH,
_c1989.
300 _a197 p. :
_bilus.
590 _aBATCH-UPD
_b10
_c20130110
_lUCH01
_h0240
590 _aBATCH-UPD
_b10
_c20130110
_lUCH01
_h1520
590 _aBATCH-UPD
_b10
_c20130409
_lUCH01
_h2306
590 _aBATCH-UPD
_b10
_c20130410
_lUCH01
_h1235
590 _aBATCH-UPD
_b10
_c20130914
_lUCH01
_h0826
590 _aCONVERSION
_b10
_c20130109
_lUCH01
_h1303
590 _aE5995AHE
_b05
_c20150217
_lUCH01
_h1444
650 1 4 _aCampesinado
_xGuerrero.
_918017
650 1 4 _aCampesinado
_zOaxaca.
_918056
710 0 _aUACH. Departamento de Preparatoria Agrícola.
710 0 _aUACH. Departamento de Sociología Rural.
710 0 _aUACH. Departamento de Trabajos de Campo Universitarios.
_9115896
901 _aBK
942 _cLIBRO
942 _n0
949 _a301.44407273 D4
_bBC
_cLIBRO
_d33724000594248
_eLIBRO
_fc.2
_h92703
_i3702
_si
949 _a301.44407273 D4
_bBC
_cLIBRO
_d33724002258389
_eLIBRO
_fc.3
_gDonaciØn
_h114835
_i3702
_sb
949 _a301.44407273 D8
_bBC
_cUACH
_d33724000629655
_eUACH
_h79759
_i3702
_si
999 _c3526
_d3526